| 000 | 01038nam a2200277 4500 | ||
|---|---|---|---|
| 999 |
_c328222 _d328222 |
||
| 003 | BLK | ||
| 005 | 20240105162538.0 | ||
| 008 | 181219b bu ||||| |||| 00| 0 bu d | ||
| 020 | _a978-619-90908-1-7 | ||
| 040 | _aBLK | ||
| 041 |
_aBUL _cBUL |
||
| 080 |
_aАмериканска литература (на САЩ) _b821.111(73) _z821.111(73)-31 |
||
| 100 |
_aХарисън, Колин _eпърви автор _91299 |
||
| 139 |
_aХарисън, Колин _bХ 27 |
||
| 245 |
_aНюйоркски гамбит _bРоман _cКолин Харисън; прев. Владислава Дюлгарова, Асен Дюлгеров |
||
| 260 |
_9389882 _aСофия _bКуантум _c2018 |
||
| 300 |
_a448 с. _c20 см |
||
| 380 | _aX | ||
| 700 |
_9966 _aДюлгерова, Владислава _eпрев. |
||
| 700 |
_9966 _aДюлгеров, Асен _eпрев. |
||
| 852 |
_bП _cП 820(73)-31/Х 27 |
||
| 852 |
_bЦб _aЦб 296732 |
||
| 942 |
_n0 _cKNG _022 _s1 |
||
| 999 | _d328222 | ||
| 944 |
_k30530 _lМинев Младен |
||